Oxford dictionary of English idioms

A comprehensive dictionary dealing with general idiomatic expressions in current English

Đã lưu trong:
Bibliografiske detaljer
Hovedforfatter: Cowie, Anthony Paul
Andre forfattere: Anthony Paul Cowie; Ronald Mackin; I. R. McCaig
Sprog:Undetermined
English
Udgivet: Oxford Oxford University Press 1993
Fag:
Tags: Tilføj Tag
Ingen Tags, Vær først til at tagge denne postø!
Thư viện lưu trữ: Trung tâm Học liệu Trường Đại học Trà Vinh
LEADER 00777nam a2200253Ia 4500
001 TVU_16111
008 210423s9999 xx 000 0 und d
020 |a 0194312879 
020 |a 9780194312875 
041 |a eng 
082 |a 423.1 
082 |b C435 
100 |a Cowie, Anthony Paul 
245 0 |a Oxford dictionary of English idioms 
245 0 |c Anthony Paul Cowie, Ronald Mackin, I. R. McCaig 
260 |a Oxford 
260 |b Oxford University Press 
260 |c 1993 
300 |a 685 p. 
300 |c 22 cm 
520 |a A comprehensive dictionary dealing with general idiomatic expressions in current English 
650 |a English language 
700 |a Anthony Paul Cowie; Ronald Mackin; I. R. McCaig 
980 |a Trung tâm Học liệu Trường Đại học Trà Vinh